[Event "Wroclaw Anderssen Memorial op"]
[Site "Wroclaw"]
[Date "2024.08.15"]
[Round "7"]
[White "Chrapkowska, Alicja"]
[Black "Pietrucha, Jaroslaw"]
[Result "0-1"]
[WhiteElo "1573"]
[BlackElo "1812"]
[PlyCount "184"]
[EventDate "2024.08.15"]
[EventType "swiss (blitz)"]
[EventRounds "9"]
[EventCountry "POL"]
[SourceTitle "CBM 221 Extra"]
[Source "ChessBase"]
[SourceDate "2024.09.30"]
[SourceVersion "1"]
[SourceVersionDate "2024.09.30"]
[SourceQuality "1"]

1. e4 e5 2. Bc4 d6 3. d3 Nf6 4. f4 exf4 5. Bxf4 Be7 6. Nf3 Nc6 7. 0-0 0-0 8. Nc3 Na5 9. Bb3 Nxb3 10. axb3 Bd7 11. d4 Bc6 12. d5 Bd7 13. e5 dxe5 14. Nxe5 h6 15. Ne2 Bc5+ 16. Kh1 Re8 17. Nxd7 Qxd7 18. c4 Ne4 19. Nd4 c6 20. b4 Bxb4 21. dxc6 bxc6 22. Nc2 Qb7 23. Nxb4 Qxb4 24. b3 Qc5 25. Qf3 f5 26. Be3 Qe5 27. Bf4 Qf6 28. Rae1 Re6 29. Bc1 Rae8 30. Be3 Ng5 31. Bxg5 hxg5 32. Rxe6 Qxe6 33. h3 f4 34. Qf2 Re7 35. Qc5 Qf6 36. Rd1 f3 37. Rf1 fxg2+ 38. Kxg2 Re2+ 39. Kg1 Qe5 40. Rf8+ Kh7 41. Qxe5 Rxe5 42. Ra8 Ra5 43. b4 Ra4 44. b5 cxb5 45. cxb5 Rb4 46. Rxa7 Rxb5 47. Ra3 Rb2 48. Rg3 Kh6 49. Rd3 Kh5 50. Rd6 g6 51. Rd8 Kh4 52. Rh8+ Kg3 53. Kf1 Rf2+ 54. Ke1 Rh2 55. Rg8 Rxh3 56. Rxg6 Kf4 57. Kf1 Ra3 58. Rg8 g4 59. Kg2 Ra2+ 60. Kf1 Kg3 61. Rg7 Ra1+ 62. Ke2 Ra4 63. Ke3 Rf4 64. Ke2 Rf3 65. Ke1 Re3+ 66. Kf1 Re4 67. Rg6 Kf3 68. Rf6+ Kg3 69. Rg6 Re5 70. Rg7 Rh5 71. Rg6 Rh1+ 72. Ke2 Ra1 73. Rg7 Ra4 74. Kf1 Ra3 75. Rg6 Kh3 76. Kg1 Ra1+ 77. Kf2 Ra2+ 78. Kf1 Kg3 79. Rg7 Ra5 80. Rg8 Rf5+ 81. Ke2 Kh3 82. Rg6 g3 83. Rh6+ Kg2 84. Rg6 Kh2 85. Rh6+ Kg1 86. Rg6 g2 87. Rg7 Rf2+ 88. Ke3 Kf1 89. Rg4 Re2+ 90. Kf3 Rf2+ 91. Ke3 g1Q 92. Rxg1+ Kxg1 0-1

[Event "Wroclaw Anderssen Memorial op"]
[Site "Wroclaw"]
[Date "2024.08.15"]
[Round "8"]
[White "Klys, Kacper"]
[Black "Pietrucha, Jaroslaw"]
[Result "1-0"]
[WhiteElo "1937"]
[BlackElo "1812"]
[PlyCount "97"]
[EventDate "2024.08.15"]
[EventType "swiss (blitz)"]
[EventRounds "9"]
[EventCountry "POL"]
[SourceTitle "CBM 221 Extra"]
[Source "ChessBase"]
[SourceDate "2024.09.30"]
[SourceVersion "1"]
[SourceVersionDate "2024.09.30"]
[SourceQuality "1"]

1. e4 e5 2. Nf3 d6 3. d4 exd4 4. Nxd4 Nf6 5. Nc3 Be7 6. g3 Bd7 7. Bg2 Nc6 8. 0-0 Nxd4 9. Qxd4 Bc6 10. h3 0-0 11. Be3 Nd7 12. Rad1 Bf6 13. Qd3 Re8 14. f4 Nc5 15. Bxc5 dxc5 16. e5 Bxg2 17. Kxg2 Be7 18. Qc4 Qc8 19. f5 Bf8 20. Rde1 c6 21. Qf4 Qc7 22. a4 Rad8 23. Rf2 Rd4 24. Qe3 Red8 25. e6 Qe7 26. Ne4 fxe6 27. fxe6 Kh8 28. Ng5 Kg8 29. h4 h6 30. Rf7 Rd2+ 31. Kh3 Qd6 32. Nf3 Rd1 33. e7 Rxe1 34. Rxf8+ Rxf8 35. exf8Q+ Qxf8 36. Nxe1 Qf5+ 37. Kg2 Qd5+ 38. Nf3 b5 39. b3 a6 40. axb5 axb5 41. Qd3 Qe6 42. c4 b4 43. Qd8+ Kh7 44. Qd3+ Kg8 45. Kf2 Qf6 46. Qe3 Qb2+ 47. Nd2 Qc2 48. Qe8+ Kh7 49. Qe4+ 1-0

[Event "Wroclaw op-B"]
[Site "Wroclaw"]
[Date "2024.08.12"]
[Round "6"]
[White "Ostrega, Przemyslaw"]
[Black "Pietrucha, Jaroslaw"]
[Result "0-1"]
[WhiteElo "1820"]
[BlackElo "1812"]
[PlyCount "186"]
[EventDate "2024.08.08"]
[EventType "swiss"]
[EventRounds "9"]
[EventCountry "POL"]
[SourceTitle "EXT 2025"]
[Source "ChessBase"]
[SourceDate "2024.10.14"]
[SourceVersion "1"]
[SourceVersionDate "2024.10.14"]
[SourceQuality "1"]

1. d4 d5 2. c4 e6 3. Nc3 Nf6 4. Bg5 Be7 5. cxd5 Nxd5 6. Bxe7 Qxe7 7. e3 Nxc3 8. bxc3 0-0 9. Nf3 b6 10. Bd3 Bb7 11. 0-0 Nd7 12. Qe2 e5 13. Nd2 c5 14. Rfe1 Rfe8 15. Rad1 exd4 16. exd4 Qg5 17. Ne4 Qg6 18. Qc2 c4 19. f3 cxd3 20. Qxd3 h6 21. Kf2 Re6 22. d5 Re5 23. c4 Rae8 24. Qa3 f5 25. Qxa7 fxe4 26. f4 e3+ 27. Kg1 Re4 28. Qxb7 Nc5 29. Qa7 Qd6 30. Rb1 Nd7 31. Qa4 e2 32. g3 Qc5+ 33. Kg2 Nf6 34. Qc6 Qxc4 35. Qxc4 Rxc4 36. Rxb6 Nxd5 37. Rb2 Rce4 38. Kf2 Nc3 39. Rc2 Rc4 40. Kf3 Kf7 41. a4 Rcc8 42. a5 Nb5 43. Rd2 Rc3+ 44. Kf2 Ra3 45. Rdxe2 Rxe2+ 46. Rxe2 Rxa5 47. Rc2 Nd4 48. Rb2 Ra3 49. Rb6 Nf5 50. g4 Nd4 51. f5 Rf3+ 52. Kg2 Rc3 53. Rd6 Ne2 54. Rd7+ Kg8 55. Ra7 Nf4+ 56. Kf2 Nd5 57. Ra4 Nf6 58. Kg2 Re3 59. h3 Kf7 60. Ra7+ Re7 61. Ra3 Rb7 62. Kf3 Nd5 63. Kg3 Rc7 64. Ra6 Rc3+ 65. Kh4 Nf6 66. Ra7+ Kg8 67. Ra8+ Kh7 68. Ra4 Nd7 69. Ra7 Nf6 70. Ra4 Re3 71. Ra5 Nd7 72. Ra7 Nf6 73. Ra5 Rd3 74. Ra4 Nd5 75. Re4 Rf3 76. Ra4 Ne3 77. Ra2 Nd5 78. Ra8 Nf4 79. g5 hxg5+ 80. Kxg5 Nxh3+ 81. Kg4 Rb3 82. Rc8 Nf2+ 83. Kf4 Rb4+ 84. Ke5 Ne4 85. Ra8 Nf6 86. Ra1 Re4+ 87. Kd6 Re2 88. Rh1+ Kg8 89. Ra1 Re8 90. Rb1 Ne4+ 91. Kd7 Kf7 92. Rg1 Re5 93. Rf1 Ng3 0-1

[Event "Wroclaw op-B"]
[Site "Wroclaw"]
[Date "2024.08.12"]
[Round "7"]
[White "Pietrucha, Jaroslaw"]
[Black "Krawiec, Grzegorz"]
[Result "1/2-1/2"]
[WhiteElo "1812"]
[BlackElo "1851"]
[PlyCount "63"]
[EventDate "2024.08.08"]
[EventType "swiss"]
[EventRounds "9"]
[EventCountry "POL"]
[SourceTitle "EXT 2025"]
[Source "ChessBase"]
[SourceDate "2024.10.14"]
[SourceVersion "1"]
[SourceVersionDate "2024.10.14"]
[SourceQuality "1"]

1. e4 c5 2. Nf3 e6 3. d4 cxd4 4. Nxd4 Nc6 5. Nb3 Nf6 6. Bd3 Be7 7. 0-0 0-0 8. Nc3 d5 9. exd5 Nxd5 10. Nxd5 Qxd5 11. Be3 Nb4 12. Be2 Qxd1 13. Bxd1 b6 14. a3 Nd5 15. Bd4 Ba6 16. Re1 Rac8 17. c3 Nf4 18. Nc1 Bc5 19. Bxc5 Rxc5 20. g3 Nd3 21. Nxd3 Bxd3 22. Bf3 Bc2 23. Re2 Bb3 24. Rd2 Rc7 25. Re1 Rfc8 26. Re3 Kf8 27. Red3 Ke7 28. Rd4 e5 29. Rd6 Be6 30. Kf1 Rd7 31. Rxd7+ Bxd7 32. Ke1 1/2-1/2

[Event "Wroclaw op-B"]
[Site "Wroclaw"]
[Date "2024.08.08"]
[Round "1"]
[White "Pietrucha, Jaroslaw"]
[Black "Izquierdo Carbellido, Pablo"]
[Result "1-0"]
[WhiteElo "1812"]
[BlackElo "1937"]
[PlyCount "69"]
[EventDate "2024.08.08"]
[EventType "swiss"]
[EventRounds "9"]
[EventCountry "POL"]
[SourceTitle "EXT 2025"]
[Source "ChessBase"]
[SourceDate "2024.10.14"]
[SourceVersion "1"]
[SourceVersionDate "2024.10.14"]
[SourceQuality "1"]

1. e4 e6 2. d4 d5 3. exd5 exd5 4. Bd3 Bd6 5. Nf3 Bg4 6. 0-0 Nc6 7. c3 Nge7 8. Re1 Qd7 9. Nbd2 f6 10. Qc2 0-0-0 11. b4 Rde8 12. Bb2 g5 13. Qa4 Kb8 14. Bb5 a6 15. Bd3 Nxd4 16. Qxd7 Nxf3+ 17. Nxf3 Bxd7 18. Nd4 Ng6 19. b5 Ne5 20. Bf1 axb5 21. Nxb5 Bc5 22. Nd4 h5 23. Red1 h4 24. Nb3 Bb6 25. Rxd5 h3 26. Rd2 Rh7 27. Rad1 hxg2 28. Bxg2 Nc4 29. Rxd7 Nxb2 30. Rd8+ Ka7 31. R1d7 Re1+ 32. Bf1 Rh4 33. h3 g4 34. Nd4 c6 35. Nxc6# 1-0

[Event "Modra Slovakia op"]
[Site "Modra"]
[Date "2024.03.01"]
[Round "1"]
[White "Pietrucha, Jaroslaw"]
[Black "Gecik, Jergus"]
[Result "1-0"]
[WhiteElo "1781"]
[BlackElo "1000"]
[PlyCount "81"]
[EventDate "2024.03.01"]
[EventType "swiss"]
[EventRounds "9"]
[EventCountry "SVK"]
[SourceTitle "CBM 219 Extra"]
[Source "ChessBase"]
[SourceDate "2024.05.31"]
[SourceVersion "1"]
[SourceVersionDate "2024.05.31"]
[SourceQuality "1"]

1. e4 e5 2. Nf3 Nc6 3. d4 Bb4+ 4. c3 Ba5 5. dxe5 d6 6. exd6 cxd6 7. h3 Nf6 8. Bd3 d5 9. exd5 Nxd5 10. 0-0 0-0 11. Re1 Re8 12. Rxe8+ Qxe8 13. Bxh7+ Kxh7 14. Qxd5 Be6 15. Ng5+ Kg8 16. Nxe6 fxe6 17. Qb3 Qd7 18. Bf4 Rf8 19. Bg3 Qd5 20. Qxd5 exd5 21. Kf1 Re8 22. Na3 a6 23. Nc2 Re7 24. Rd1 d4 25. Nxd4 Nxd4 26. Rxd4 Rc7 27. Ke2 Re7+ 28. Kd2 Bc7 29. Bxc7 Rxc7 30. Ke2 Re7+ 31. Kd2 Rf7 32. f3 Rc7 33. Ke2 Re7+ 34. Kf2 Kf7 35. Rd5 Rc7 36. Rf5+ Kg8 37. Re5 Rd7 38. g4 Rd2+ 39. Re2 Rd1 40. h4 Kh7 41. h5 1-0

[Event "Lazy Baltic Pearl op 13th"]
[Site "Lazy"]
[Date "2017.06.29"]
[Round "5"]
[White "Zabron, Maksym"]
[Black "Pietrucha, Jaroslaw"]
[Result "0-1"]
[WhiteElo "1579"]
[BlackElo "1847"]
[PlyCount "82"]
[EventDate "2017.06.25"]
[EventType "swiss"]
[EventRounds "9"]
[EventCountry "POL"]
[SourceTitle "EXT 2018"]
[Source "ChessBase"]
[SourceDate "2017.10.13"]
[SourceVersion "1"]
[SourceVersionDate "2017.10.13"]
[SourceQuality "1"]

1. d4 d5 2. c4 e6 3. Nc3 Nf6 4. Bf4 a6 5. e3 dxc4 6. Bxc4 b5 7. Bd3 Bb7 8. Nf3 Nbd7 9. 0-0 Be7 10. Rc1 0-0 11. Qe2 c5 12. Rfd1 Qb6 13. Ne5 c4 14. Bc2 Rfe8 15. Nxd7 Nxd7 16. e4 Nf6 17. Be3 Qc7 18. d5 exd5 19. Nxd5 Bxd5 20. exd5 Bc5 21. Qf3 Bxe3 22. fxe3 Qe5 23. e4 Qxb2 24. Bb1 Qe5 25. Re1 Rad8 26. Kf1 Rd6 27. Re2 Nd7 28. Rf2 Rf6 29. Qe2 Qxh2 30. Rxf6 Nxf6 31. Re1 Nxd5 32. Qf3 g6 33. g3 Qh3+ 34. Kf2 Qe6 35. Re2 Nf6 36. Re1 Ng4+ 37. Kg2 Rd8 38. Re2 h5 39. Rb2 Qe5 40. Re2 b4 41. Bc2 a5 0-1

[Event "Krakow op-B 23rd"]
[Site "Krakow"]
[Date "2012.12.27"]
[Round "1"]
[White "Pietrucha, Jaroslaw"]
[Black "Kowalski, Piotr"]
[Result "1-0"]
[WhiteElo "1835"]
[BlackElo "2096"]
[PlyCount "99"]
[EventDate "2012.12.27"]
[EventType "swiss"]
[EventRounds "9"]
[EventCountry "POL"]
[SourceTitle "CBM 152 Extra"]
[Source "ChessBase"]
[SourceDate "2013.02.25"]
[SourceVersion "1"]
[SourceVersionDate "2013.02.25"]
[SourceQuality "1"]

1. e4 c5 2. Nf3 d6 3. d4 cxd4 4. Nxd4 Nf6 5. Nc3 g6 6. Be3 Bg7 7. Be2 0-0 8. 0-0 Nc6 9. Qd2 Ng4 10. Nxc6 bxc6 11. Bxg4 Bxg4 12. Bh6 Qb6 13. Bxg7 Kxg7 14. b3 Rad8 15. Na4 Qc7 16. c4 e5 17. Rac1 f5 18. f3 Bh5 19. h3 f4 20. Rfd1 Qe7 21. Qf2 g5 22. Rd2 Bg6 23. Rcd1 h5 24. c5 d5 25. exd5 Rxd5 26. Rxd5 cxd5 27. Rxd5 Bf7 28. Rd6 g4 29. fxg4 hxg4 30. hxg4 Qg5 31. Qf3 Qh4 32. Qe4 Re8 33. c6 Qxg4 34. c7 Qc8 35. Qc6 Re7 36. Rh6 Be6 37. Rh5 Qxc7 38. Qxc7 Rxc7 39. Rxe5 Kf6 40. Re2 Rg7 41. Kf1 Bg4 42. Rd2 Rc7 43. Nb2 Kf5 44. Nc4 Ke4 45. Kf2 Bh5 46. Nd6+ Ke5 47. Nb5 Rg7 48. Rc2 Be8 49. Re2+ Kf5 50. Rxe8 1-0

[Event "Tarnowskie Gory Piasta Memorial 6th"]
[Site "Tarnowskie Gory"]
[Date "2008.07.30"]
[Round "7.11"]
[White "Pietrucha, Jaroslaw"]
[Black "Kazek, Krzysztof"]
[Result "1/2-1/2"]
[WhiteElo "1743"]
[BlackElo "2090"]
[PlyCount "47"]
[EventDate "2008.07.26"]
[EventType "swiss"]
[EventRounds "10"]
[EventCountry "POL"]
[SourceTitle "EXT 2023"]
[Source "ChessBase"]
[SourceDate "2022.10.05"]
[SourceVersion "1"]
[SourceVersionDate "2022.10.05"]
[SourceQuality "1"]

1. e4 c5 2. Nf3 e6 3. d4 cxd4 4. Nxd4 a6 5. Be2 Nf6 6. Bf3 d6 7. 0-0 Qc7 8. c3 Be7 9. g3 0-0 10. Bg2 Nc6 11. Nxc6 bxc6 12. Be3 Rb8 13. b3 d5 14. Nd2 e5 15. h3 Rd8 16. Qc2 Be6 17. Rad1 Rbc8 18. f4 exf4 19. Bxf4 Bd6 20. Bxd6 Qxd6 21. g4 Qc5+ 22. Kh1 Nxe4 23. Nxe4 dxe4 24. Bxe4 1/2-1/2

[Event "Chorzow op"]
[Site "Chorzow"]
[Date "2008.04.03"]
[Round "8"]
[White "Pietrucha, Jaroslaw"]
[Black "Michalski, Edmund"]
[Result "0-1"]
[WhiteElo "1741"]
[BlackElo "1926"]
[PlyCount "90"]
[EventDate "2008.03.29"]
[EventType "swiss"]
[EventRounds "9"]
[EventCountry "POL"]
[SourceTitle "EXT 2010"]
[Source "ChessBase"]
[SourceDate "2010.11.25"]
[SourceVersion "1"]
[SourceVersionDate "2010.11.25"]
[SourceQuality "1"]

1. e4 d6 2. d4 Nf6 3. Nc3 e6 4. Nf3 Be7 5. Be2 0-0 6. 0-0 Nbd7 7. h3 b6 8. Nh2 Bb7 9. Bf3 e5 10. d5 c5 11. Ng4 Bc8 12. Re1 Nxg4 13. Bxg4 Nf6 14. Bxc8 Qxc8 15. a4 a6 16. Re3 Kh8 17. Rg3 g6 18. Bg5 Qd8 19. Rf3 Nh5 20. Bh6 Ng7 21. Qd3 Bg5 22. Bxg7+ Kxg7 23. Re1 Qd7 24. b3 Bf4 25. Ne2 Bh6 26. Ng3 b5 27. Ra1 Rac8 28. c4 Rb8 29. Qc2 Rb7 30. Rc3 Kh8 31. Qd3 f5 32. f3 Bf4 33. Ne2 Bg5 34. Rc2 Rfb8 35. axb5 axb5 36. Rca2 bxc4 37. bxc4 Rb3 38. Nc3 fxe4 39. fxe4 Qb7 40. Qc2 Be3+ 41. Kh1 Bd4 42. Ra7 Qb4 43. Qd2 Qxc3 44. Qxc3 Bxc3 45. R1a6 R3b6 0-1

[Event "Tarnowskie Gory Piasta Memorial 5th"]
[Site "Tarnowskie Gory"]
[Date "2007.07.30"]
[Round "3"]
[White "Pietrucha, Jaroslaw"]
[Black "Chmiel, Piotr"]
[Result "0-1"]
[WhiteElo "1754"]
[BlackElo "1984"]
[PlyCount "110"]
[EventDate "2007.07.28"]
[EventType "swiss"]
[EventRounds "10"]
[EventCountry "POL"]
[SourceTitle "EXT 2011"]
[Source "ChessBase"]
[SourceDate "2010.11.26"]
[SourceVersion "1"]
[SourceVersionDate "2010.11.26"]
[SourceQuality "1"]

1. e4 e5 2. Nf3 Nc6 3. d4 exd4 4. Nxd4 Bc5 5. Be3 Qf6 6. c3 Nge7 7. Be2 d6 8. Bf3 Ne5 9. 0-0 Nxf3+ 10. Nxf3 Bxe3 11. fxe3 0-0 12. Nbd2 Nc6 13. Nd4 Qg5 14. Qe2 Ne5 15. N4f3 Qh5 16. h3 a6 17. Rae1 Be6 18. Nxe5 Qxe2 19. Rxe2 dxe5 20. b3 Rfd8 21. Rff2 Rd3 22. c4 Rad8 23. Nf3 f6 24. Rd2 R8d7 25. Rxd3 Rxd3 26. Re2 Kf7 27. Kf2 g5 28. Rd2 Rxd2+ 29. Nxd2 h5 30. Nb1 Ke7 31. Ke2 Kd6 32. Kd2 h4 33. Kc3 Kc5 34. b4+ Kd6 35. a3 Ke7 36. Nd2 b5 37. c5 Kf7 38. Kd3 g4 39. hxg4 Bxg4 40. Nf1 Kg6 41. Kd2 f5 42. exf5+ Kxf5 43. Kd3 Bh5 44. Kd2 Ke4 45. Nh2 Kd5 46. Kd3 e4+ 47. Kc3 Be2 48. Kd2 Bc4 49. Ke1 Bd3 50. Kd2 Kc4 51. Ng4 Bf1 52. Ne5+ Kb3 53. Nf7 Kxa3 54. Kc3 a5 55. bxa5 b4+ 0-1

[Event "Tarnowskie Gory Piasta Memorial 5th"]
[Site "Tarnowskie Gory"]
[Date "2007.07.30"]
[Round "1"]
[White "Pietrucha, Jaroslaw"]
[Black "Malecki, Rafal"]
[Result "0-1"]
[WhiteElo "1754"]
[BlackElo "2158"]
[PlyCount "58"]
[EventDate "2007.07.28"]
[EventType "swiss"]
[EventRounds "10"]
[EventCountry "POL"]
[SourceTitle "EXT 2011"]
[Source "ChessBase"]
[SourceDate "2010.11.26"]
[SourceVersion "1"]
[SourceVersionDate "2010.11.26"]
[SourceQuality "1"]

1. e4 d6 2. d4 Nf6 3. Nc3 g6 4. Nf3 Bg7 5. Be2 0-0 6. 0-0 c6 7. Be3 Nbd7 8. h3 Qc7 9. Nh2 e5 10. f4 exd4 11. Bxd4 Re8 12. Qd3 b5 13. b4 a6 14. Rae1 c5 15. bxc5 Nxc5 16. Bxc5 Qxc5+ 17. Kh1 Bb7 18. Bf3 Nh5 19. Ne2 Rac8 20. Bxh5 Bxe4 21. Qd2 gxh5 22. c3 Qd5 23. Qxd5 Bxd5 24. Ng3 Rxe1 25. Rxe1 Bxc3 26. Rd1 Bxa2 27. Rxd6 b4 28. Nf5 Re8 29. Nf3 b3 0-1

[Event "IPCA Wch-A 8th"]
[Site "Wisla"]
[Date "2007.05.16"]
[Round "2"]
[White "Pietrucha, Jaroslaw"]
[Black "Jennitha, Anto K"]
[Result "1/2-1/2"]
[WhiteElo "1768"]
[BlackElo "1977"]
[PlyCount "74"]
[EventDate "2007.05.15"]
[EventType "swiss"]
[EventRounds "9"]
[EventCountry "POL"]
[SourceTitle "EXT 2011"]
[Source "ChessBase"]
[SourceDate "2010.11.26"]
[SourceVersion "1"]
[SourceVersionDate "2010.11.26"]
[SourceQuality "1"]

1. e4 c5 2. Nf3 Nc6 3. d4 cxd4 4. Nxd4 g6 5. Be2 Bg7 6. c3 Nf6 7. Bf3 0-0 8. 0-0 a6 9. Re1 e5 10. Nxc6 dxc6 11. Be3 Qc7 12. Nd2 Rd8 13. Qc2 Be6 14. Rad1 b6 15. b3 b5 16. Nf1 c5 17. Rxd8+ Rxd8 18. Rd1 c4 19. b4 Rxd1 20. Qxd1 Nd7 21. a4 Nb6 22. Bxb6 Qxb6 23. a5 Qc7 24. Ne3 Qd7 25. Kf1 Kf8 26. Ke2 Ke7 27. Qxd7+ Kxd7 28. Kd2 Bh6 29. Ke2 Bxe3 30. Kxe3 Kd6 31. Be2 Bc8 32. g3 f6 33. Bd1 h6 34. Be2 Bd7 35. Bd1 Bc8 36. Be2 Bd7 37. Bd1 Bc8 1/2-1/2

[Event "IPCA Wch-A 8th"]
[Site "Wisla"]
[Date "2007.05.15"]
[Round "1"]
[White "Zavarsky, Juraj"]
[Black "Pietrucha, Jaroslaw"]
[Result "1/2-1/2"]
[WhiteElo "2084"]
[BlackElo "1768"]
[PlyCount "70"]
[EventDate "2007.05.15"]
[EventType "swiss"]
[EventRounds "9"]
[EventCountry "POL"]
[SourceTitle "EXT 2011"]
[Source "ChessBase"]
[SourceDate "2010.11.26"]
[SourceVersion "1"]
[SourceVersionDate "2010.11.26"]
[SourceQuality "1"]

1. e4 e5 2. Nf3 d6 3. d4 exd4 4. Nxd4 Be7 5. Nc3 Nf6 6. Be2 Bd7 7. 0-0 0-0 8. b3 Nc6 9. Bb2 a6 10. a4 h6 11. h3 Kh8 12. Qd2 Nh7 13. Nd5 Nxd4 14. Bxd4 Bf6 15. Nxf6 Nxf6 16. Rad1 Bc6 17. Qf4 Qe7 18. Bd3 Kg8 19. Rfe1 Nd7 20. Re3 Ne5 21. Bf1 Ng6 22. Qg3 Rae8 23. Bc4 Kh7 24. Bd3 Qh4 25. e5 Qxg3 26. fxg3 dxe5 27. Rxe5 Kg8 28. Rf5 Be4 29. Rf2 Bxd3 30. Rxd3 Re1+ 31. Kh2 Rd8 32. Bc3 Ree8 33. Rxd8 Rxd8 34. Rf1 f6 35. h4 Kf7 1/2-1/2

[Event "Chorzow op"]
[Site "Chorzow"]
[Date "2007.03.30"]
[Round "9"]
[White "Pietrucha, Jaroslaw"]
[Black "Ociepka, Tomasz"]
[Result "0-1"]
[WhiteElo "1793"]
[BlackElo "1914"]
[PlyCount "116"]
[EventDate "2007.03.24"]
[EventType "swiss"]
[EventRounds "9"]
[EventCountry "POL"]
[SourceTitle "EXT 2011"]
[Source "ChessBase"]
[SourceDate "2010.11.26"]
[SourceVersion "1"]
[SourceVersionDate "2010.11.26"]
[SourceQuality "1"]

1. e4 c5 2. Nf3 d6 3. d4 cxd4 4. Nxd4 Nf6 5. Nc3 a6 6. Bd3 e5 7. Nf3 Be7 8. h3 b5 9. a3 Nbd7 10. Be3 Bb7 11. 0-0 0-0 12. Nh2 Nc5 13. f3 d5 14. exd5 Nxd5 15. Nxd5 Qxd5 16. Be2 Qe6 17. Qc1 h6 18. Kh1 Rac8 19. Bxc5 Bxc5 20. Bd3 f5 21. Qe1 e4 22. fxe4 fxe4 23. Be2 Rxf1+ 24. Qxf1 Rf8 25. Qe1 Bf2 26. Bg4 Qe5 27. Qe2 Qxb2 28. Rf1 Bc5 29. Be6+ Kh8 30. Rxf8+ Bxf8 31. Qf2 Qa1+ 32. Nf1 Qf6 33. Qf5 Qxf5 34. Bxf5 Bxa3 35. Ng3 e3 36. Kg1 Bc5 37. Kf1 a5 38. Nh5 b4 39. Nf4 Ba6+ 40. Ke1 Bc4 41. Bd7 Kg8 42. Ba4 Bd6 43. Ne2 Kf8 44. Nc1 Ke7 45. Nd3 Bc7 46. Ke2 Bb6 47. Ke1 Kd6 48. Nf4 g5 49. Ne2 Bd5 50. Kf1 Bc6 51. Bb3 a4 52. Ba2 Bd5 53. Bb1 a3 54. Nc1 Bc4+ 55. Ke1 Ke5 56. Kd1 Kd4 57. Na2 Bxa2 58. Bxa2 Kc3 0-1